000 00426nam a2200181Ia 4500
001 2247
005 20260306143828.0
008 260306t2008||||xx |||||||||||||| ||spa||
041 _aESP
082 _a616.8
_bP78A
100 _aPortellano, José Antonio
_eAUT
245 0 _aNeuropsicología infantil
260 _c2008
300 _a264 páginas :
_c23 cm.
650 _aGEN
654 _aCPS
942 _cLIB
_dJUS
_fJUS
_2ddc
_n
999 _c2247
_d2247